000 00433nam a2200145Ia 4500
003 OSt
005 20260120153603.0
008 211028s2014 xx 000 0 und d
040 _cAIMIT LIBRARY
041 _aeng
100 _aNaik, Rahul S; Kairanna, Sneha S.
_g1216095
_97208
245 _aStudy on customer perception towards hero motocorp in Balaji showroom /
260 _aMangalore
_bSneha S Kairanna
_c2014
942 _2ddc
_cPRO
999 _c218778
_d218778